000 00365 a2200133 4500
005 20250602134940.0
020 _a978-81-315-1614-0
100 _aKURATCO, D.F
245 _aEntrepreneurship: An Introduction
250 _a8th Ed.
260 _aNew Delhi
_bCengage Learning
_c2011
300 _a556p.: ill; graphs, tables.
_bGlossary & Index
_c25.4 cm
942 _2ddc
_cBKS
999 _c3031
_d3031